| 000 | 00580nam a2200217Ia 4500 | ||
|---|---|---|---|
| 003 | OSt | ||
| 005 | 20250804184720.0 | ||
| 008 | 210423s2000 xx 000 0 und d | ||
| 040 | _cAL | ||
| 041 | _aEnglish | ||
| 082 |
_a320 _bGOWP |
||
| 100 |
_aDamodara Gowda K V _9105409 |
||
| 245 | _aPublic administrations | ||
| 260 |
_aMangalore _bMangalore Publications _c2000 |
||
| 365 |
_b60 _cINR |
||
| 650 |
_aPolitical Science _9105410 |
||
| 650 |
_aPolitical Science _9105410 |
||
| 700 |
_aD Souza, Nancy Rita _9233825 |
||
| 906 | _aadministrations ; Public | ||
| 942 |
_2ddc _cBK |
||
| 999 |
_c172196 _d172196 |
||